[Event "CZE-chT2e 0607"]
[Site "Czech Republic"]
[Date "2006.11.05"]
[Round "2.8"]
[White "Vymetalik, Ivo"]
[Black "Fuchs, Ludek"]
[Result "0-1"]
[WhiteElo "2020"]
[BlackElo "2098"]
[PlyCount "88"]
[EventDate "2006.10.15"]
[EventType "team"]
[EventRounds "11"]
[EventCountry "CZE"]
[SourceTitle "EXT 2009"]
[Source "ChessBase"]
[SourceDate "2008.11.26"]
[SourceVersion "1"]
[SourceVersionDate "2008.11.26"]
[SourceQuality "1"]

1. e4 c5 2. Nf3 Nc6 3. d4 cxd4 4. Nxd4 Nf6 5. Nc3 d6 6. Bg5 e6 7. Qd2 Be7 8. 0-0-0 a6 9. f4 0-0 10. Be2 Qc7 11. g4 Rd8 12. f5 b5 13. Bf3 Ne5 14. Qg2 b4 15. Nce2 Nxf3 16. Bxf6 Nxd4 17. Bxd4 Bg5+ 18. Kb1 e5 19. Bf2 Bb7 20. h4 Be7 21. g5 Rac8 22. Rc1 d5 23. f6 Bf8 24. g6 fxg6 25. h5 Qf7 26. hxg6 Qxg6 27. Qxg6 hxg6 28. fxg7 Bxg7 29. exd5 Rxd5 30. Rhd1 Rxd1 31. Rxd1 Bf3 32. Re1 Bh6 33. Ng3 Bf4 34. Ne4 Rd8 35. c3 bxc3 36. Nxc3 Rd2 37. Be3 Rh2 38. Bxf4 exf4 39. Re6 Kf7 40. Rxa6 g5 41. Ra4 Ke6 42. Ne4 Bxe4+ 43. Rxe4+ Kf5 44. Re1 g4 0-1

[Event "Olomouc op"]
[Site "Olomouc"]
[Date "2003.07.30"]
[Round "1"]
[White "Klima, Lukas"]
[Black "Vymetalik, Ivo"]
[Result "1-0"]
[WhiteElo "2425"]
[BlackElo "2032"]
[PlyCount "87"]
[EventDate "2003.07.30"]
[EventType "swiss"]
[EventRounds "9"]
[EventCountry "CZE"]
[SourceTitle "CBM 095 Extra"]
[Source "ChessBase"]
[SourceDate "2003.09.04"]
[SourceVersion "1"]
[SourceVersionDate "2003.09.04"]
[SourceQuality "1"]

1. e4 e5 2. Nf3 Nf6 3. Nxe5 d6 4. Nf3 Nxe4 5. d4 d5 6. Bd3 Be7 7. 0-0 Nc6 8. c4 Nb4 9. Be2 0-0 10. Nc3 Bf5 11. cxd5 Nxd5 12. Qb3 Ndxc3 13. bxc3 Be6 14. Qc2 Nd6 15. Bd3 g6 16. Re1 Bf5 17. Rb1 Bxd3 18. Qxd3 Bf6 19. Bf4 b6 20. Ne5 Nf5 21. Qc4 Ne7 22. Ng4 Bg7 23. Bxc7 Qd5 24. Qd3 Nf5 25. Be5 f6 26. Bf4 g5 27. Rb5 Qxa2 28. Rxf5 gxf4 29. Rxf4 Rae8 30. Ne3 Rf7 31. Rd1 Bh6 32. Rg4+ Kh8 33. Nf5 Bf8 34. Qg3 Ba3 35. Nh6 Rfe7 36. h3 Qe6 37. d5 Qc8 38. d6 Rd7 39. Nf5 Qb8 40. Qh4 Rf7 41. Nh6 Rff8 42. Qg3 Bxd6 43. Rg8+ Rxg8 44. Nf7# 1-0